000 00331 a2200133 4500
999 _c11947
_d11947
003 OSt
005 20240110140241.0
008 240110b ||||| |||| 00| 0 eng d
020 _a978-8862424837
100 _aJacopo Leveratto
245 _aContested Spaces Concerted Projects /anglais
260 _bLettera ventidue
942 _2ddc